| 000 | 00000nam##2200000za#4500 |
| 001 | 9.639657 |
| 003 | CaOODSP |
| 005 | 20210624222259 |
| 007 | cr ||||||||||| |
| 008 | 150407|2001||||xxc|||||o f|0| 0 fre|d |
| 040 | |aCaOODSP|bfre |
| 043 | |an-cn--- |
| 086 | 1 |aF1-23/2001-0F-PDF |
| 110 | 1 |aCanada. |bMinistère des finances. |
| 245 | 13|aLe budget de 2001-- aperçu |h[ressource électronique] |
| 246 | 1 |aAssurer le progrès dans un monde incertain |
| 260 | |aOttawa - Ontario : |bFinances Canada |cle 10 décembre 2001. |
| 300 | |a12p.|btableau |
| 590 | |a12-13-Supp|b2012-04-03 |
| 691 | 07|aFinances publiques|2gcpds |
| 691 | 07|aBudget|2gcpds |
| 775 | 08|tBudget 2001-- overview |w(CaOODSP)9.695525 |
| 776 | 0#|tLe budget de 2001: aperçu |w(CaOODSP)9.681715 |
| 856 | 40|ahttp://publications.gc.ca|qPDF|s92 Ko|uhttps://publications.gc.ca/collections/Collection/F1-23-2001-0F.pdf |